| 000 | 00852nam a2200265 a 4500 | ||
|---|---|---|---|
| 001 | 61082 | ||
| 003 | BD-RjUL | ||
| 005 | 20211209080923.0 | ||
| 008 | 170115s1981 enk b 001 0 eng | ||
| 020 | _a0521281547 (pbk.) | ||
| 035 | _a(BD-RjUL)61206 | ||
| 040 |
_aDLC _cDLC _dBD-RjUL _beng |
||
| 041 | _aeng | ||
| 082 | 0 | 0 |
_a418.007 _223 _bLIC 1988 |
| 100 | 1 |
_aLittlewood, William. _9182289 |
|
| 245 | 1 | 0 |
_aCommunicative language teaching : _ban introduction / _cWilliam Littlewood. |
| 260 |
_aNew York : _bCambridge University Press, _cc1981 [printing 1988] |
||
| 300 |
_ax, 108 p. ; _c23 cm. |
||
| 500 | _aIncludes index. | ||
| 650 | 0 |
_aLanguage and languages _xStudy and teaching. _9182093 |
|
| 650 | 0 |
_aCommunicative competence. _9182291 |
|
| 942 |
_2ddc _cBK |
||
| 999 |
_c61082 _d61082 |
||